| 000 | 01959cam a2200361 i 4500 | ||
|---|---|---|---|
| 003 | SA-RiAUC | ||
| 005 | 20250520103226.0 | ||
| 008 | 250512s2001 ua h g 00000cara c | ||
| 020 | _a9773410471 | ||
| 024 | 0 | _a00000000270258 | |
| 040 |
_aSA-RiKSU _bara _cSA-RiAUC _dKAC _erda |
||
| 041 | 1 |
_aara _hund |
|
| 050 | 4 | _b.M312 | |
| 082 | 0 | 4 |
_a920.99 _qSA-RiAUC |
| 090 |
_a920.99 _b م ر غ |
||
| 100 | 1 |
_aمرغو ليوث، د. س.، _d1858-1940 _eمؤلف. |
|
| 245 | 1 | 0 |
_aدراسات عن المؤرخين العرب / _cتأليف المستشرق مرغوليوث ؛ ترجمة الدكتور حسين نصار. |
| 250 | _aالطبعة الأولى. | ||
| 264 | 1 |
_aالقاهرة : _bمكتبة الثقافة الدينية، _c2001 |
|
| 300 |
_a150 صفحة : _bمثيلات ؛ _c24 × 17 سم |
||
| 336 |
_aنص _btxt _2rdacontent _3كتاب |
||
| 337 |
_aبدون وسيط _bn _2rdamedia |
||
| 338 |
_aمجلد _bnc _2rdacarrier |
||
| 505 | 0 | _aالمحتويات : الفصل الأول : نظرة عامة في الموضوع-الفصل الثاني : التاريخ الجاهلي : الفصل الثالث : بواكير التاريخ العربي-الفصل الرابع : الشعر أداة للتاريخ-الفصل الخامس : مؤرخو القرن الثاني-الفصل السادس : مؤرخو القرن الثالث-الفصل السابع : مؤرخو القرن الرابع-الفصل الثامن : المؤرخون المتأخرون. | |
| 650 | 7 |
_aالمؤرخون العرب _vتراجم _2aucsh |
|
| 650 | 7 |
_aالمؤرخون المصريون _yالحكم العثماني، 1517-1882 _2aucsh |
|
| 650 | 7 |
_aالمسلمون _vتراجم _2aucsh |
|
| 650 | 7 |
_aالمؤلفون العرب _vتراجم _2aucsh |
|
| 651 | 7 |
_aالبلاد العربية _vتراجم _2aucsh |
|
| 700 | 1 |
_aنصار، حسين محمد، _d1925-2017 _eمترجم. |
|
| 942 |
_2ddc _cBOOK _n0 |
||
| 949 |
_aSA-JeALM _d250512 _uosman123 _n1 |
||
| 999 |
_c8167 _d8167 |
||